000 00637nam a2200205Ia 4500
003 GCL
008 140319s9999 xx 000 0 ara d
040 _aGCL /
_cGCL
082 0 4 _a301.6
_bا ع
100 1 _aاحسان محمد الحسن
245 1 0 _aعلم الاجتماع العسكرى /
_cاحسان محمد الحسن
260 _a[S.N] :
_bدار المعرفة الجامعية ،
_c1990
300 _a258
490 _a
650 0 4 _aالاجتماع
650 0 4 _aعلم النفس العسكرى
650 0 4 _aالحرب والمجتمع
650 0 4 _aالاجتماع العسكرى، علم
942 _2ddc
_cBK
999 _c55202
_d55202